000 00703nam a22002297a 4500
003 OSt
005 20250708011933.0
008 250708b |||||||| |||| 00| 0 eng d
020 _a9789712386701.
040 _aDWCL - Main lib
_cOC
082 _aFil. 126 U55 2018
100 _aAlata, Eden Joy Pastor
245 _aUnderstanding the self/
_cEden Joy Pastor Alata
250 _aFirst edition.
260 _a Manila :
_bRex Book Store,
_cc2018.
300 _avi, 174 pages :
_billustrations ;
_c26cm.
504 _aIncludes bibliographical references and index.
650 _a1. Identity.
650 _a2. Self.
700 _a[and three others]
942 _2ddc
_cBK - FIL
_eFirst edition.
_kFil.
_n0
999 _c3432
_d3432